00365nam a2200157Ia 45000010006000000050017000060080041000230410008000640820018000721000022000902450042001122600009001543000028001636500008001916540008001991121520260306161930.0260306t2017||||xx |||||||||||||| ||spa|| aESP a985.019bH497 aHyslop, JohneAUT 0aQhapaqñan:bel sistema vial inkaico c2017 a561 páginas :c24 cm. aGEN aCHU